00250nam a2200085 a 4500008004100000050001500041245002100056246007800077350000900155120416s9999 xx |||||||||||||| || u aTD 897 Pro10aProduct planning athe relationship between product characteristics and environmental impact a0.00